Normal view MARC view
  • TYAGI, DR. SACHIN & DARJI, DR.VINAY CHHANALAL. AND KRISHNAVENI, DR.K

Entry Personal Name

Number of records used in: 1

001 - CONTROL NUMBER

  • control field: 8543

003 - CONTROL NUMBER IDENTIFIER

  • control field: JRU

005 - DATE AND TIME OF LATEST TRANSACTION

  • control field: 20240919121659.0

008 - FIXED-LENGTH DATA ELEMENTS

  • fixed length control field: 240919|| aca||aabn | a|a d

040 ## - CATALOGING SOURCE

  • Original cataloging agency: JRU
  • Transcribing agency: JRU

100 ## - HEADING--PERSONAL NAME

  • Personal name: TYAGI, DR. SACHIN & DARJI, DR.VINAY CHHANALAL. AND KRISHNAVENI, DR.K

670 ## - SOURCE DATA FOUND

  • Source citation: Work cat.: (JRU)8672: TYAGI, DR. SACHIN & DARJI, DR.VINAY CHHANALAL. AND KRISHNAVENI, DR.K., PHARMACY PRACTICE [ B.PHARMA. 7TH SEMESTER ]